Elements of theory of representations
Uloženo v:
| Hlavní autor: | |
|---|---|
| Médium: | Kniha |
| Jazyk: | angličtina |
| Vydáno: |
Berlín
Springer-Verlag
1976
|
| Edice: | Grundlehren der mathematischen Wissenschaften, 220
|
| Témata: | |
| Tagy: |
Přidat tag
Žádné tagy, Buďte první, kdo vytvoří štítek k tomuto záznamu!
|
MARC
| LEADER | 00000nam a2200000 a 4500 | ||
|---|---|---|---|
| 001 | UCQ9953 | ||
| 003 | CL-VaPUC | ||
| 008 | 990128e19760000GW |||||||||||||||||eng|d | ||
| 082 | 0 | 4 | |a 512.2 |b KIR |2 21 |
| 100 | |a Kirillov, Aleksandr Aleksandrovich |e author |9 424663 | ||
| 245 | 1 | 0 | |a Elements of theory of representations |
| 300 | |a 315 p | ||
| 942 | |c BK | ||
| 945 | |d 19990128 00:00:00 |a crobeson | ||
| 260 | |a Berlín |b Springer-Verlag |c 1976 | ||
| 650 | 0 | |a Representaciones de grupos |9 417402 | |
| 650 | 0 | |a Teoría de grupos |9 270028 | |
| 650 | 0 | |a Estructuras algebraicas |9 422373 | |
| 650 | 0 | |a Anillos |9 374316 | |
| 650 | 0 | |a Módulos |9 356144 | |
| 650 | 7 | |a MULTIFORMES |2 CL-VaPUC |9 424011 | |
| 650 | 0 | |a Grupos de Lie |9 271231 | |
| 650 | 0 | |a Álgebra de Lie |9 271226 | |
| 650 | 0 | |a Grupos finitos |9 270201 | |
| 650 | 7 | |a GRUPOS COMPACTOS |2 CL-VaPUC |9 424223 | |
| 583 | |a last modification |c 19990128 00:00:00 |k Rodrigo Vera | ||
| 490 | 0 | |a Grundlehren der mathematischen Wissenschaften, 220 | |
| 999 | |c 278846 |d 278844 | ||
| 952 | |0 0 |1 0 |4 0 |6 512_200000000000000_KIR_1976 |7 0 |8 A |9 317636 |a BIBMAT |b BIBMAT |d 2019-11-20 |i 1319582 |l 2 |o 512.2 KIR 1976 |p 1319582 |r 2025-01-07 |s 2022-10-17 |w 2019-11-20 |y BK |k MAT | ||